Normal view MARC view
  • Television announcing

Entry Topical Term

Number of records used in: 1

001 - CONTROL NUMBER

  • control field: 111572

003 - CONTROL NUMBER IDENTIFIER

  • control field: NUST

005 - DATE AND TIME OF LATEST TRANSACTION

  • control field: 20230330105118.0

008 - FIXED-LENGTH DATA ELEMENTS

  • fixed length control field: 230330|| aca||aabn | a|a d

040 ## - CATALOGING SOURCE

  • Original cataloging agency: NUST
  • Transcribing agency: NUST

150 ## - HEADING--TOPICAL TERM

  • Topical term or geographic name entry element: Television announcing

670 ## - SOURCE DATA FOUND

  • Source citation: Work cat.: (NUST)185222: Hyde, Stuart Wallace 111570, Television and radio announcing /, c1979.
© 2023 Central Library, National University of Sciences and Technology. All Rights Reserved.